MARC

LEADER 00000nam0a2200000 4500
001 14511
005 20231030185717.0
010 |a 0175571279 
035 |a (RuTPU)RU\TPU\book\14606 
035 |a BOOK00014675 
090 |a 14511 
100 |a 20011209d1997 m y0engy50 ba 
101 0 |a eng 
102 |a GB 
105 |a y j 000zy 
200 1 |a Intermediate Vocabulary  |f B. J. Thomas 
210 |c Longman  |d 1997 
215 |a 119 p. 
610 1 |a английский язык 
610 1 |a учебные пособия 
610 1 |a лексика 
610 1 |a устная речь 
610 1 |a разговорная речь 
610 1 |a словарный запас 
686 |a Ш143.21-923.4  |v LBC/SL-A  |2 rubbk 
700 1 |a Thomas  |b B. J. 
801 0 |a RU  |b 63413507  |c 20011209  |g PSBO 
801 2 |a RU  |b 63413507  |c 20200526  |g PSBO 
942 |c BK